000 00767cam a22002531 4500
001 10326649
003 ARRUPE
005 20220330103045.0
008 720817s1964 wiu 000 0 eng
010 _a 64015782
035 _a(OCoLC)384478
040 _aDLC
_cONowdM
_dMnDuStS
_dDLC
042 _apremarc
050 0 0 _aBS2397
_b.Q4
082 0 _a225
100 1 _aQuesnell, Quentin.
_951090
245 1 0 _aThis good news;
_ban introduction to the Catholic theology of the New Testament.
_cQuentin Quesnell
260 _aMilwaukee,
_bBruce Pub. Co.
_c[1964]
300 _axiv, 224 p.
_c22 cm.
490 0 _aImpact books
630 0 0 _aBible.
_pNew Testament
_xTheology.
_97188
906 _a7
_bcbc
_coclcrpl
_du
_encip
_f19
_gy-gencatlg
942 _2lcc
_cMONOGRAPH
999 _c131177
_d131177